Most Produced Aircraft - Statistics

General Stats
  • This quiz has been taken 75 times
  • The average score is 6 of 22
Answer Stats
Produced: Type: Answer % Correct
43,000+ General Aviation Cessna 172
56%
15,586 Fighter North American P-51 Mustang
53%
22,685 Fighter Supermarine Spitfire
51%
16,000+ Helicopter Bell UH-1 "Huey" Iroquois
46%
34,852 Fighter Messerschmitt Bf 109
39%
31,500 General Aviation Cessna 150/152
33%
18,482 Bomber Consolidated B-24 Liberator
32%
15,660 Fighter Republic P-47 Thunderbolt
32%
16,079 Transport Douglas DC-3
30%
20,038 General Aviation Piper J-3 Cub
26%
36,183 Ground Attack Ilyushin Il-2
25%
18,000+ Fighter Mikoyan-Gurevich MiG-15
25%
23,237 General Aviation Cessna 182
23%
15,495 Trainer North American T-6 Texan
21%
20,051 Fighter Focke-Wulf Fw 190
19%
16,769 Fighter Yakovlev Yak-9
19%
17,000+ General Aviation Beechcraft Bonanza
18%
32,778 General Aviation Piper PA-28 series
14%
17,000+ Helicopter Mil Mi-8
12%
18,000+ Utility Antonov An-2
11%
15,183 Bomber Junkers Ju 88
11%
20-30,000 Utility Polikarpov Po-2
7%
No matching quizzes found
Score Distribution
Percent of People with Each Score
Percentile by Number Answered
Your Score History
You have not taken this quiz